-
DHAL, DEBI PRASHAD AND REDDY, A.RAMI
Entry Personal Name
Number of records used in: 1
001 - CONTROL NUMBER
003 - CONTROL NUMBER IDENTIFIER
005 - DATE AND TIME OF LATEST TRANSACTION
- control field:
20230727141822.0
008 - FIXED-LENGTH DATA ELEMENTS
- fixed length control field:
230727|| aca||aabn | a|a d
040 ## - CATALOGING SOURCE
- Original cataloging agency:
JRU
- Transcribing agency:
JRU
100 ## - HEADING--PERSONAL NAME
- Personal name:
DHAL, DEBI PRASHAD AND REDDY, A.RAMI
670 ## - SOURCE DATA FOUND
- Source citation:
Work cat.: (JRU)8344: DHAL, DEBI PRASHAD AND REDDY, A.RAMI, INDIAN BAR REVIEW VOL-47 [1] 2020